| 000 | 01112nam a2200325Ia 4500 | ||
|---|---|---|---|
| 001 | Z_7078 | ||
| 003 | CHAP | ||
| 005 | 20220912172750.0 | ||
| 008 | 220113s2018 xx 000 0 und d | ||
| 010 | _a170351 | ||
| 040 | _cCHAP | ||
| 090 | _aTesis C78 2643 | ||
| 100 |
_aCruz Ruiz, Luis Francisco _9135629 |
||
| 245 |
_aCrecimiento poblacional bacteriano a partir de muestras de duodeno de pollos de engorda suplementados con alicina / _cLuis Francisco Cruz Ruiz |
||
| 260 |
_aMéxico : _bEl autor, _c2018 |
||
| 300 | _a45 p. | ||
| 502 |
_aTesis _b(Ingeniero Agrónomo Especialista en Zootecnia) -- _cUACh. Departamento de Zootecnia, _d2018 |
||
| 650 |
_aAlicina _9146464 |
||
| 650 |
_aPollo de engoda _9146706 |
||
| 650 |
_aSalud intestinal _9146707 |
||
| 700 |
_aGonzález Cerón, Fernando, director _9146708 |
||
| 700 |
_a Pro Martínez, Arturo, asesor _9144173 |
||
| 700 |
_a Sosa Montes, Eliseo, asesor _9143193 |
||
| 856 |
_uhttp://10.13.5.2/tesis/sist115388.pdf _yDescargar PDF |
||
| 901 | _aTESIS C78 2643 | ||
| 902 | _aM | ||
| 910 | _a2018 | ||
| 942 |
_c2 _2ddc |
||
| 942 |
_c2 _2ddc |
||
| 999 |
_c170351 _d170351 |
||